| 000 | 00511nam a22001697a 4500 | ||
|---|---|---|---|
| 020 | _a9789697916313 | ||
| 082 |
_a618.92 _bKHA |
||
| 100 | 3 |
_aKhan, Pervez Akbar _9113632 |
|
| 245 |
_aBasis of Pediatrics / _cPervez Akbar Khan |
||
| 250 | _aRevised 10th Edition. | ||
| 260 | 3 |
_aMultan (Pakistan): _bNishtar Publications (Pvt.) Ltd. _c2020 |
|
| 300 |
_a628 p. ; _billustrations, _c27 cm. |
||
| 563 | _aPBK. | ||
| 650 | 0 |
_aPediatrics _9113391 |
|
| 650 |
_aChildren--Diseases--Treatment _9113633 |
||
| 942 |
_2ddc _cBK |
||
| 999 |
_c595272 _d595272 |
||